000 00773nam a22002537a 4500
001 BR8107097
003 BR-BrBNA
005 20230928091108.0
007 ta
008 230509b bl.||||| |||| 00| 0 por d
040 _aBR-BrBNA
_bpor
_cBiblioteca Nacional de Agricultura
041 _a(Por)
072 _aR00
_b/G514
090 _ R00 BR8107097
110 1 _aAssociacao de Assistencia Tecnica e Extensao Rural do Territorio Federal do Amapa, Macapa (Brasil)
_9401
245 1 _aIndustrias rurais caseiras [economia domestica, Amapa, Brasil]
_bSerie educacao rural
260 3 _aMacapa, AP (Brasil):
_c1981.
300 _a17 p.
650 _aINDUSTRIA CASEIRA
650 _aALIMENTO
650 _aCONSERVA
909 _a202309
_bLucia
_c55
_dLucia Elande
942 _cBK
999 _c32189
_d32189